000
00241nam a2200097Ia 4500
001
683120
005
20250826161432.0
008
250824s9999 xx 000 0 und d
245
0
_a
YEMEN AH YEMEN
_c
MEHMED NİYAZİ
260
_b
ÖTÜKEN YAYINLARI
999
_c
683120
_d
683120